000 00627nam a2200205Ia 4500
005 20250507130217.0
008 008 250505s9999 xx 000 0 eng d
037 _aSeries Article
040 _aEASL
_beng
_cEASL
041 _aeng
_2eng
084 _qEASL
100 _aMei Ciqi
_9668877
245 0 _aKilling a chicken to scare the monkey? deterrence failure and local defiance in China
260 _aAustralia
_bCanberra Australian National University Australia
_c2014
300 _a75 - 97 Pp.
650 _aChina
700 _aPearson Margaret
_9668878
942 _cSRA
999 _c1318344
_d1318344